Meranie kvality života z pohľadu ekonomicko-politického prostredníctvom ukazovateľov hrubého domáceho produktu, indexu udržateľného hospodárskeho blahobytu a reálneho pokroku

Vybrané ukazovatele ekonomického rastu a spoločenského blahobytu: hrubý domáci produkt, index udržateľného hospodárskeho blahobytu (ISEW), ukazovateľ reálneho pokroku (GPI).

Uložené v:
Podrobná bibliografia
Hlavný autor: Naščáková, Jana
Ďalší autori: Pudło, Patrycja
Médium: Kapitola
Jazyk:Slovak
Predmet:
Tagy: Pridať tag
Žiadne tagy, Buďte prvý, kto otaguje tento záznam!

MARC

LEADER 00000naa$a2200000$$$4500
001 0143326
005 20240605074102.1
041 0 |a slo 
044 |a SK 
245 1 0 |a Meranie kvality života z pohľadu ekonomicko-politického prostredníctvom ukazovateľov hrubého domáceho produktu, indexu udržateľného hospodárskeho blahobytu a reálneho pokroku  |c Jana Naščáková, Patrycja Pudło 
520 |a Vybrané ukazovatele ekonomického rastu a spoločenského blahobytu: hrubý domáci produkt, index udržateľného hospodárskeho blahobytu (ISEW), ukazovateľ reálneho pokroku (GPI). 
610 2 0 |a ukazovatele makroekonomické 
610 2 0 |a produkt domáci hrubý 
610 2 0 |a indexy 
610 2 0 |a blahobyt 
610 2 0 |a pokrok 
100 1 |a Naščáková, Jana 
700 1 |a Pudło, Patrycja